billy woods & Kenny Segal - Soft Landing Lyrics - Statistics

General Stats
  • This quiz has been taken 2 times
  • The average score is 202 of 315
Answer Stats
Answer % Correct
2:1:1
100%
A
100%
a
100%
at
100%
baby
100%
battery
100%
Birds
100%
but
100%
But
100%
day
100%
death
100%
drinks?)
100%
eggs
100%
ex
100%
I
100%
"I
100%
in
100%
is
100%
It
100%
it
100%
mad
100%
make
100%
me,
100%
me
100%
mother
100%
my
100%
My
100%
on
100%
on,
100%
ruins
100%
single
100%
the
100%
The
100%
those
100%
tragedy
100%
uh,
100%
when
100%
When
100%
whole
100%
124
50%
2nd
50%
5
50%
Amendment
50%
an
50%
and
50%
Attenborough
50%
bang
50%
be
50%
beam,
50%
Before
50%
beloved
50%
beverages
50%
bless
50%
Bluestone
50%
both
50%
Breeze
50%
brief
50%
brow
50%
brown
50%
bubble
50%
Burroughs
50%
Burrow
50%
by
50%
cadence
50%
cages
50%
call
50%
came,
50%
car
50%
casually
50%
casualties
50%
ceilings,
50%
cellie,
50%
chain
50%
clouds,
50%
Complimentary
50%
Conch
50%
contract
50%
could
50%
crispin'
50%
crouched
50%
daily
50%
daquiris
50%
dissidents
50%
Dissonant
50%
dome
50%
driftin'
50%
earthquake,
50%
'em
50%
Everyday
50%
(Excuse
50%
feel
50%
feet
50%
flagrant
50%
Flaunt
50%
flyin'
50%
for
50%
For
50%
Free
50%
fritters
50%
from
50%
From
50%
fucking
50%
furrowed
50%
gaunt
50%
gave
50%
get
50%
glass
50%
God
50%
got
50%
green,
50%
grew
50%
Grew
50%
haunch
50%
haunt
50%
he
50%
Head
50%
here
50%
high,
50%
Home,
50%
how
50%
inform
50%
instrumental
50%
It's
50%
it's
50%
Joe
50%
jump
50%
"Keep
50%
Killin'
50%
kitchen
50%
know
50%
lakes
50%
land
50%
land,
50%
leant
50%
leave
50%
lists
50%
living
50%
look
50%
loud
50%
love
50%
man
50%
Maybe
50%
menagerie
50%
message
50%
Midnight
50%
Mom
50%
moment
50%
morning
50%
names,
50%
narrated
50%
Nonchalant,
50%
non-payment
50%
nothing
50%
nuclear
50%
of
50%
off,
50%
omelets
50%
one
50%
open!
50%
out,
50%
out
50%
Over
50%
own
50%
pages
50%
paradise
50%
pavement
50%
people
50%
political
50%
previous
50%
prison
50%
probably
50%
puddles
50%
puzzle
50%
quiet
50%
Rappers
50%
Ravers
50%
read
50%
regime
50%
routine
50%
rubble
50%
say,
50%
say—
50%
service
50%
sit
50%
sky,
50%
space
50%
Spliff
50%
Statistics
50%
sticks
50%
Struggle
50%
Suicidal
50%
Sun
50%
superintendent
50%
suspended
50%
Sweet
50%
sweet
50%
take
50%
text
50%
they
50%
thin
50%
thing,
50%
this
50%
This
50%
Thoro"
50%
thought
50%
Thoughts
50%
to
50%
unfold
50%
up
50%
us
50%
want
50%
war
50%
warden,
50%
was
50%
waste
50%
We
50%
we
50%
what
50%
While
50%
while
50%
white
50%
will
50%
William
50%
winter
50%
with
50%
worked
50%
worst
50%
Wouldn't
50%
wriggle
50%
you
50%
you"
50%
your
50%
disassocation
0%
No matching quizzes found
Score Distribution
Percent of People with Each Score
Percentile by Number Answered
Your Score History
You have not taken this quiz